000 00312nam a22001457a 4500
008 221109b ||||| |||| 00| 0 eng d
020 _a9781465259875
041 _aeng
080 _a159.9
082 _a159.9 FRA
100 _a25
101 _aPSI
245 _aNATIVE AMERICAN
_cFRALICK M
942 _2udc
_cBK
999 _c58825
_d58825